| 000 | 00580nam a22002057a 4500 | ||
|---|---|---|---|
| 003 | 0 | ||
| 005 | 20240928105126.0 | ||
| 008 | 240928b xxu||||| |||| 00| 0 eng d | ||
| 020 | _a978-0-357-72119-3 | ||
| 050 |
_aHB 172 _b.T83 2023 |
||
| 100 | _aTucker, Irvin B. | ||
| 245 |
_aMicroeconomics for today _cTucker, Irvin B. |
||
| 250 | _a11th ed. | ||
| 260 |
_aAustralia _bCengage _cC2023 |
||
| 300 |
_axx, 488p. : _bill. ; col : _c25cm. |
||
| 500 | _aMicroeconomics. | ||
| 500 | _aUnited States--economic conditions. | ||
| 650 | _aIncludes glossary & index. | ||
| 942 |
_2lcc _cBK |
||
| 999 |
_c366417 _d366417 |
||